Diccionario Ilustrado Océano de la Lengua Española / (Registro nro. 206)

Detalles MARC
000 -LEADER
fixed length control field 00654 am a2200205 a 4500
005 - FECHA ULTIMA MODIFICACION
control field 20240229084936.0
008 - CAMPO DE CONTROL (LIBRO)
fixed length control field 100326s1994||||sp a g |||| 000 0 spa d
020 ## - INTERNATIONAL STANDARD BOOK NUMBER
ISBN 8449400376
041 ## - CODIGO DE IDIOMA
Código de idioma del texto/pista de sonido o título separado spa
092 ## - SIGNATURA TOPOGRAFICA DEWEY LOCAL
número de clasificación 403
libristica 16
sección DIC
110 1# - ENTRADA PRINCIPAL-AUTOR CORPORATIVO
Nombre de la institución, jurisdicción como entrada principal Océano Grupo Editorial.
9 (RLIN) 348
245 ## - TITULO PROPIAMENTE DICHO
Título Diccionario Ilustrado Océano de la Lengua Española /
Mención de responsabilidad y remanente de la transcripción de la portada Océano Grupo Editorial.
250 ## - MENCION DE EDICION
Mención de edición 1a ed.
260 ## - PIE DE IMPRENTA
Lugar de publicación, distribución, etc Barcelona:
Nombre de la editorial, distribuidor, etc Océano;
Fecha de publicación 1994.
300 ## - DESCRIPCION FISICA
Extension 1048 p.
500 ## - NOTA GENERAL
Nota general Océano Grupo Editorial. (1994). Diccionario Ilustrado Océano de la Lengua Española. (1a ed.). Barcelona : Océano.
653 ## - TÉRMINO INDIZADO - PALABRAS CLAVES
Palabra clave Diccionario
930 ## - NUMERO DE INVENTARIO
Número de inventario 1889
942 ## - ADDED ENTRY ELEMENTS (KOHA)
Source of classification or shelving scheme Dewey Decimal Classification
Item type Libros
Existencias
Estado de retiro Existencia Fuente de clasificación Estado general No para prestamo Colección Ubicación permanente ubicación actual Sala de ubicación Fecha de adquisición Total Checkouts Número de clasificación Código de barras Date last seen Número de ejemplar Price effective from Koha tipo de elemento (item) Public note
    Dewey Decimal Classification     Reference Biblioteca Medicina Biblioteca Medicina Referencia 13/05/2011   403 16 DIC 1889 06/11/2014 ej.1 13/05/2011 Reference LIBRO DE CONSULTA

UNIVERSIDAD NACIONAL DEL COMAHUE
Biblioteca de la Facultad de Ciencias Médicas
Sede Toschi: Los Arrayanes y Av. Toschi, Cipolletti  - Rio Negro
Sede Los Tordos:  Yrigoyen al 2211, Cipolletti - Rio Negro 

Teléfono: 0299 - 4774707 int 25
Contacto: biblioteca@facimed.uncoma.edu.ar
© 2011 - 2026